000 01380nam a22004333a 4500
003 OSt
005 20140310182748.0
006 m d
007 cr cnu
008 100402s2011 ilua sb 001 0 eng d
020 _a9780838935897 (pbk. : alk. paper)
020 _a 9789746522175
035 _acis17886752
037 _a309336
_bMIL
040 _aCaONFJC
_cCaONFJC
043 _an-us---
050 0 4 _aZ 695
_b.In61 2011
082 0 4 _aM 025.32
_bC37 2011
245 0 0 _aCataloging correctly for kids
_h[electronic resource] :
_ban introduction to the tools /
_cIntner, Sheila S.
250 _a5th ed.
260 _aChicago :
_bAmerican Library Association,
_cc2011.
300 _a224 p.
_bill.
_c23 cm.
504 _aIncludes bibliographical references (p. 199-204) and index.
521 _aCollege Students
526 _c1210L-1700L
541 _j1
562 _e1
590 _aRecord supplied by vendor.
650 0 _aCataloging of children's literature.
650 0 _aCataloging of children's literature
_zUnited States.
700 1 _aIntner, Sheila S.
700 1 _aFountain, Joanna F.
700 1 _aWeihs, Jean Riddle.
710 2 _aAssociation for Library Collections & Technical Services.
740 0 _aMyiLibrary.
776 0 8 _iPrint version:
_w(DLC)2010012945
_z9780838935897.
942 _2lcc
_cBK
_kM
948 _a.b11680878
999 _c15698
_d15698